Transferts RC Lens 24/25 - Statistiques

Statistiques générales
  • Ce quiz a été pris 78 fois
  • Le résultat moyen est 21 sur 35
Statistiques - réponses
Montant Club (en provenance de..) Nationalité Joueur % Correct
40 000 000 € Manchester City Ouzbékistan Abdukodir Khusanov
87%
5 000 000 € Burnley FC Maroc Anass Zaroury
81%
14 000 000 € Stade Rennais France Brice Samba
78%
Prêt (2 100 000 €) Fiorentina Angola M'Bala Nzola
78%
Prêt (1 000 000 €) Galatasaray Pologne Przemyslaw Frankowski
75%
5 740 000 € Portland Portugal David Da Costa
74%
Prêt Tottenham Autriche Kevin Danso
74%
Prêt (1 000 000 €) Inter Milan Uruguay Martín Satriano
74%
27 000 000 € Marseille France Elye Wahi
72%
Libre Chelsea France Malang Sarr
68%
4 500 000 € EC Bahia Equateur Jhoanner Chávez
67%
Prêt Manchester City Sierra Leone Juma Bah
67%
2 000 000 € CSKA-Sofia Centrafrique Goduine Koyalipou
65%
Libre Stade Brestois Mali Massadio Haidara
65%
800 000 € AS Roma Australie Mathew Ryan
65%
Prêt (1 000 000 €) Häcken Suède Jeremy Agbonifo
64%
Prêt (500 000 €) FC St. Pauli Guinée Morgan Guilavogui
62%
Prêt AFC Sunderland Ghana Salis Abdul Samed
62%
2 500 000 € R Charleroi SC Burkina Faso Hervé Koffi
58%
4 000 000 € FC Midtjylland Pologne Adam Buksa
54%
1 700 000 € Stade Brestois France Julien Le Cardinal
54%
Prêt FC Annecy France Anthony Bermont
52%
2 500 000 € FK Sarajevo Bosnie-Herzégovine Nidal Celik
52%
2 000 000 € B. Podgorica Monténégro Andrija Bulatovic
51%
Prêt B. Podgorica Monténégro Andrija Bulatovic
51%
Prêt US Boulogne Comores Yannick Pandor
51%
2 500 000 € Hellas Verona Belgique Ayanda Sishuba
48%
1 350 000 € Debrecen Nigeria Hamzat Ojediran
48%
Libre FC Nantes Slovènie Denis Petric
46%
750 000 € Hamburger SV Pologne Lukasz Poreba
43%
250 000 € BATE Borisov Sénégal Sidi Bane
39%
Prêt FC Annecy Sénégal Sidi Bane
39%
? Padova Burkina Faso Ismaëlo Ganiou
33%
Libre Bröndby IF Pays-Bas Stijn Spierings
33%
Libre Rodez AF France Ibrahima Baldé
22%
Aucun quiz correspondant
Distribution des résultats
% des personnes avec chaque résultat
Percentile par nombre de réponses
Votre historique - résultats
Vous n’avez pas pris ce quiz